00687cam a22001937a 4500003000500000005001700005008004100022010001000063011001000073035001000083040000900093100002900102245014700131260004100278300001100319502010100330650003200431650003000463CHAP20220329142707.0010920d2001 mx r 00110 spa d a86599 a87571 a98115 cCHAP00aNeyra Galicia, Alma Rosa13aLa orientación educativa y su interacción en el bachillerato general :bel caso de la POA1 de Nezahualcoyotlc/por Alma Rosa Neyra Galicia aChapingo, Méx. :bEl autor,c2002. a146 h. aTesis (Maestro en Procesos Educativos) -- UACH. División de Ciencias Económico-Admistrativas14aEducación media superior.14aOrientación vocacional.